=LDR 00000nam 2200000 4500 =001 INLIS000000000810410 =005 20251208085755 =035 ##$$a 0010-1225000048 =007 ta =008 251208###########################0###### =082 ##$$a 297.21 =084 ##$$a 297.21 AND r =245 ##$$a Menjawab Syubhat Para Penolak Sifat Allah 1 SET 2 Jilid /$c Dr. Firanda Andirja =260 ##$:$b Ustadz Firanda Andirja Office =300 ##$$a Jilid 1 : 492 Halaman Jilid 2 : 602 Halaman ; $c 18 cm x 25 cm =990 ##$$a 00000005063 =990 ##$$a 00000005064